000 00351nam a2200133Ia 4500
008 151001s9999||||xx |||||||||||||| ||und||
100 _aवि वि बोकील
245 _aमंगळागौरीच्या रात्री
250 _a1
260 _bललित वैभव
260 _c1967
300 _a149
365 _b7
999 _c954342
_d954339